| 000 | 00545nam a22001932 4500 | ||
|---|---|---|---|
| 001 | 0000001873 | ||
| 005 | 20151217155813.0 | ||
| 008 | 070328s xx 000 0 eng d | ||
| 040 |
_aKABU _cKABU |
||
| 050 | 0 |
_aDT433.527 _b.W55 |
|
| 100 | 1 |
_aWilliams, Howard. _@0000150937 |
|
| 245 | 1 | 0 | _aParadise precarious. |
| 260 |
_aLondon : _bWelcome Press, _c[195?] |
||
| 300 | _axvii, 290 p. | ||
| 651 | 0 |
_aKenya _xDescription and travel. _@0000150938 |
|
| 908 | _a070328 | ||
| 950 | _@1 | ||
| 999 |
_c12650 _d12650 |
||